Language Quiz

Random Language or Spanish Quiz

Spanish verbs (in english) Quiz Stats

 Plays Quiz not verified by Sporcle

Challenge
Share
Tweet
Embed
Score 0/32 Timer 10:00
0 Plays Today
English Verb Spanish % Correct
To worktrabajar
87.9%
To dancebailar
83.3%
To listenescuchar
81.8%
To singcantar
81.8%
To helpayudar
81.8%
To paypagar
80.3%
To useusar
80.3%
To enterentrar
80.3%
To buycomprar
80.3%
To practicepracticar
80.3%
To drawdibujar
80.3%
To look forbuscar
80.3%
To studyestudiar
80.3%
To visitvisitar
78.8%
To travelviajar
77.3%
To callllamar
75.8%
English Verb Spanish % Correct
To restdescansar
75.8%
To sendmandar
75.8%
To neednecesitar
75.8%
To askpreguntar
75.8%
To taketomar
74.2%
To arrivellegar
72.7%
To walkcaminar
72.7%
To play an instrumenttocar
72.7%
To finishterminar
69.7%
To wish; to wantdesear
68.2%
To returnregresar
66.7%
To teachenseñar
66.7%
To answercontestar
66.7%
To expectesperar
66.7%
To watchmirar
63.6%
To pass timepasar tiempo
50%

You're not logged in!

Compare scores with friends on all Sporcle quizzes.
Join for Free
OR
Log In

You Might Also Like...

Show Comments

Extras

Created Sep 21, 2012ReportNominate
Tags:Spanish Quiz, English, verb

Top Quizzes Today


Score Distribution

Your Account Isn't Verified!

In order to create a playlist on Sporcle, you need to verify the email address you used during registration. Go to your Sporcle Settings to finish the process.

Report this User

Report this user for behavior that violates our Community Guidelines.

Details: